000 00620nam a2200181Ia 4500
008 190427s9999 xx 000 0 und d
100 _aWhyte, Kristin Lyn
245 _a Mathematics in early childhood: Teacher educators' of their work /
245 _cKristin Lyn Whyte, M. Abigail Stein, Debbie Kim Natlie Jou, and Cynthia E. Coburn.--
260 _bTaylor and Francis Group
260 _c2018
300 _apages 213-231, July-September 2018
440 _aJournal of Early Childhood Teacher Education
_v39(3)
650 _aAccounts
650 _aMathematics
650 _aTeacher Educator
650 _aWork
999 _c361703
_d361703